A pénzügyi kultúra hatása a fiatal felnőttek pénzügyi döntéshozatalára – racionális és irracionális magatartás vizsgálata

Bibliographic Details
Main Author: Bader Tamás
Other Authors: Hegedűs Dr. Szilárd
Format: Thesis
Kulcsszavak:megtakarítási lehetőségek
pénzügy
pénzügyi döntések
pénzügyi kultúra
racionalitás
Online Access:http://dolgozattar.uni-bge.hu/60354

MARC

LEADER 00000nta a2200000 i 4500
001 dolg60354
005 20260409150457.0
008 260409suuuu hu om 000 hun d
040 |a BGE Dolgozattár Repozitórium  |b hun 
041 |a hu 
100 1 |a Bader Tamás 
245 1 2 |a A pénzügyi kultúra hatása a fiatal felnőttek pénzügyi döntéshozatalára – racionális és irracionális magatartás vizsgálata  |c Bader Tamás  |h [elektronikus dokumentum] 
520 3 |a A pénzügyi döntések ma már minden fiatal felnőtt mindennapjainak részét képezik. Akár megtakarításról, akár hitelfelvételről, befektetésről vagy egyszerű költségvetés-készítésről van szó, minden választás következményekkel jár. A kutatás célja az volt, hogy feltárja, milyen szinten áll a fiatal felnőttek pénzügyi kultúrája Magyarországon, mennyire tudatosan hozzák meg pénzügyi döntéseiket, és milyen tényezők befolyásolják őket ebben a folyamatban. A vizsgálat azt is bemutatja, hogyan jelennek meg a viselkedési közgazdaságtan által leírt torzítások a fiatalok pénzkezelési szokásaiban. 
695 |a megtakarítási lehetőségek 
695 |a pénzügy 
695 |a pénzügyi döntések 
695 |a pénzügyi kultúra 
695 |a racionalitás 
700 1 |a Hegedűs Dr. Szilárd  |e ths 
856 4 0 |u http://dolgozattar.uni-bge.hu/60354/1/Bader%20Tam%C3%A1s%20szakdolgozat%20%28KWEJAL%29.pdf  |z Dokumentum-elérés 
856 4 0 |u http://dolgozattar.uni-bge.hu/60354/2/Bader%20Tam%C3%A1s.pdf  |z Dokumentum-elérés